吉林省的所有本科院校 - Statistics

General Stats
  • This quiz has been taken 57 times
  • The average score is 15 of 38
Answer Stats
类型 所在地 Answer % Correct
985院校 长春 吉林大学
100%
211院校 延边 延边大学
95%
211院校 长春 东北师范大学
88%
公办本科 长春 长春理工大学
84%
公办本科 长春 长春大学
79%
公办本科 四平 吉林师范大学
79%
公办本科 长春 吉林农业大学
67%
公办本科 长春 长春工业大学
65%
公办本科 长春 长春师范大学
63%
公办本科 吉林 东北电力大学
58%
民办本科 长春 吉林外国语大学
49%
公办本科 吉林 北华大学
42%
公办本科 白城 白城师范学院
42%
公办本科 长春 吉林财经大学
40%
公办本科 通化 通化师范学院
40%
军校 长春 空军航空大学
35%
民办本科 长春 吉林动画学院
33%
民办本科 长春 长春人文学院
30%
公办本科 吉林 吉林化工学院
30%
公办本科 长春 吉林艺术学院
28%
公办本科 长春 吉林警察学院
28%
公办本科 长春 吉林建筑大学
26%
公办本科 长春 长春中医药大学
26%
民办本科 吉林 吉林医药学院
26%
公办本科 长春 吉林工商学院
23%
民办本科 长春 长春财经学院
23%
民办本科 长春 长春科技学院
23%
公办本科 长春 吉林体育学院
21%
民办本科 长春 长春大学旅游学院
21%
民办本科 四平 吉林师范大学博达学院
21%
公办本科 长春 吉林工程技术师范学院
19%
民办本科 长春 长春建筑学院
19%
公办本科 长春 长春工程学院
16%
民办本科 长春 长春光华学院
16%
公办本科 吉林 吉林农业科技学院
16%
民办本科 长春 长春工业大学人文信息学院
7%
民办本科 长春 长春电子科技学院
5%
民办本科 长春 吉林建筑科技学院
5%
No matching quizzes found
Score Distribution
Percent of People with Each Score
Percentile by Number Answered
Your Score History
You have not taken this quiz